000 00952nam a22002657a 4500
003 URS
005 20250827101810.0
008 250827b |||||||| |||| 00| 0 eng d
020 _a978-0-443-10530-2
040 _erda
_cURS
_bEnglish
050 _aRT81.5
_b.B959 2025
100 _aBurkhardt, Margaret A.,
_eauthor.
_96421
245 _aEthics & issues in contemporary nursing :
_bnursing ethics for the 21st century /
_cMargaret A. Burkhardt and Alvita K. Nathaniel.
250 _aSecond edition.
264 1 _aSt. Louis, Missouri :
_bElsevier,
_c©2025.
300 _axii, 407 pages :
_bcolor illustrations ;
_c24 cm.
336 _atext
_btxt
_2rdacontent
337 _aunmediated
_bn
_2rdamedia
338 _avolume
_bnc
_2rdacarrier
500 _aIncludes appendix, glossary and index.
650 0 _aNursing ethics.
_91010
700 _aNathaniel, Alvita K.,
_eauthor.
_96422
830 _aFundamentals of anatomy and physiology.
942 _2lcc
_cR
999 _c84509
_d84507